CRC handbook of neurohypophyseal hormone analogs / (Record no. 2614)

000 -LEADER
fixed length control field nam a22 a 4500
005 - DATE AND TIME OF LATEST TRANSACTION
control field 20170517121017.0
008 - FIXED-LENGTH DATA ELEMENTS--GENERAL INFORMATION
fixed length control field 860106s1986 xxu ||b 001 ||eng
020 ## - INTERNATIONAL STANDARD BOOK NUMBER
International Standard Book Number 0849332931 (v. 1 pt. 1)
040 ## - CATALOGING SOURCE
Original cataloging agency AKMAL
082 ## - DEWEY DECIMAL CLASSIFICATION NUMBER
Classification number 615.363 JOS
090 ## - LOCALLY ASSIGNED LC-TYPE CALL NUMBER (OCLC); LOCAL CALL NUMBER (RLIN)
Classification number (OCLC) (R) ; Classification number, CALL (RLIN) (NR) 615.363
Local cutter number (OCLC) ; Book number/undivided call number, CALL (RLIN) JOS
245 ## - TITLE STATEMENT
Title CRC handbook of neurohypophyseal hormone analogs /
Statement of responsibility, etc. editors, Karel Jošt, Michal Lebl, František Brtník. Vol 1 pts 1-2 to vol 2 pts 1-2.
260 ## - PUBLICATION, DISTRIBUTION, ETC.
Place of publication, distribution, etc. Boca Raton, FL :
Name of publisher, distributor, etc. CRC Press
Date of publication, distribution, etc. 1987.
300 ## - PHYSICAL DESCRIPTION
Dimensions cm
700 ## - ADDED ENTRY--PERSONAL NAME
Personal name Brtník, František.
9 (RLIN) 5454
942 ## - ADDED ENTRY ELEMENTS (KOHA)
Source of classification or shelving scheme
Koha item type Book
Holdings
Withdrawn status Lost status Source of classification or shelving scheme Damaged status Not for loan Collection code Home library Current library Shelving location Date acquired Inventory number Total Checkouts Full call number Barcode Date last seen Price effective from Koha item type
          NON-FICTION AKMAL Melaka AKMAL Melaka PINJAMAN 17.05.2017 600918   615.363 JOS 201703347 17.05.2017 17.05.2017 Book
Pusat Sumber Maklumat Dato' Haji Sarmin Md Hussin, Akademi Kastam Diraja Malaysia, Melaka
Tel: 06-2331106 | Faks: 06-2313787